000 00368 a2200169 4500
001 187048
020 _a85-249-1128-X
040 _cMagnum
100 _aDrummond, Regina
240 1 0 _aA chata daquela gorda
_lpor
245 1 0 _aA chata daquela gorda
300 _a31
362 0 _a2005
440 1 _aCortez
697 _aLITERATURA INFANTO-JUVENIL
942 _cBK
999 _c187048
_d187048